01001nam a2200265Ia 4500001001100000003000800011006001900019007001500038008004100053040002100094035002100115050002400136100002900160245008500189246002300274260004400297300001000341533015200351650002700503650001900530655002900549710001700578856012500595999001500720ebr5000531CaPaEBRm u cr cn|||||||||960308s2001 vau s 000 0 eng d aCaPaEBRcCaPaEBR a(OCoLC)68062910314aPR3317b.R68 2001eb1 aBehn, Aphra,d1640-1689.14aThe roverh[electronic resource] :bor, The banish'd cavaliers /cby Aphra Behn.3 aBanish'd cavaliers aBlacksburg, VA :bVirginia Tech,c2001. a80 p. aElectronic reproduction.bPalo Alto, Calif. :cebrary,d2011.nAvailable via World Wide Web.nAccess may be limited to ebrary affiliated libraries. 0aEnglish drama (Comedy) 0aEnglish drama. 7aElectronic books.2local2 aebrary, Inc.40uhttp://site.ebrary.com/lib/rucke/Doc?id=5000531zAn electronic book accessible through the World Wide Web; click to view c2861d2861